|
|
|
|
| LEADER |
00000nab#a22000007a#4500 |
| 001 |
arbauad027866 |
| 003 |
AR-BaUAD |
| 005 |
20250711112258.0 |
| 008 |
970801|||||||||###||||||b###|0###a|spa|| |
| 040 |
|
|
|a AR-BaUAD
|c AR-BaUAD
|b spa
|
| 100 |
|
|
|a Ravaioli, Laura
|
| 245 |
|
|
|a Olanda /
|c Laura Ravaioli;
|
| 300 |
0 |
|
|b fot.
|
| 653 |
|
|
|a PAISES BAJOS
|
| 653 |
|
|
|a RIJK, VINCENT DE
|
| 653 |
|
|
|a DROOG DESIGN
|
| 653 |
|
|
|a BREKVELD, ARIAN
|
| 653 |
|
|
|a JONGERIUS, HELLA
|
| 653 |
|
|
|a VAN HOFF, DICK
|
| 653 |
|
|
|a HUTTEN, RICHARD
|
| 653 |
|
|
|a MERCKX, ARNOLD
|
| 653 |
|
|
|a VAN VLIET, EDWARD
|
| 653 |
|
|
|a PAPAVOINE, GIJS
|
| 653 |
|
|
|a VAN DEN BERG, GERARD
|
| 653 |
|
|
|a MAZAIRAC, PIERRE
|
| 653 |
|
|
|a BOONZAAIJER, KAREL
|
| 653 |
|
|
|a UCHIDA, SHIGERU
|
| 653 |
|
|
|a SPIERENBURG, DICK
|
| 653 |
|
|
|a MUEBLES
|
| 653 |
|
|
|a SILLONES
|
| 653 |
|
|
|a SILLAS
|
| 653 |
|
|
|a COMODAS
|
| 653 |
|
|
|a ARTEFACTOS
|
| 653 |
|
|
|a ILUMINACION
|
| 653 |
|
|
|a LAMPARAS
|
| 653 |
|
|
|a GRIFERIA
|
| 653 |
|
|
|a VAJILLA
|
| 653 |
|
|
|a DISEÑO INDUSTRIAL
|
| 773 |
0 |
|
|t INTERNI
|g no. 462 [jul.-ago. 1996], p. 97-99
|
| 942 |
|
|
|c ARTI
|
| 952 |
|
|
|0 0
|1 0
|4 0
|7 0
|9 72785
|a AR-BAuAD
|b AR-BAuAD
|d 2025-07-11
|l 0
|p AAQA027866
|r 2025-07-11 11:22:58
|w 2025-07-11
|y ARTI
|
| 990 |
|
|
|a DI199
|b TD
|
| 998 |
|
|
|a AAQ
|b BIBUN76
|
| 999 |
|
|
|c 52458
|d 52458
|